| 000 | 00521nam a2200169Ia 4500 | ||
|---|---|---|---|
| 008 | 090201s9999 xx 000 0 und d | ||
| 010 | _aKPL-43248 | ||
| 040 | _bमराठी | ||
| 041 | _aमराठी | ||
| 082 |
_a26025 _b43248 |
||
| 100 | _aएस. एम. काशीकर | ||
| 245 |
_aशापीत दौलत _cएस. एम. काशीकर |
||
| 260 |
_c2004 _bदिलीप प्रकाशन |
||
| 300 |
_a216 _bमोठा |
||
| 600 | _aशापीत दौलत | ||
| 942 | _cBOOK | ||
| 999 |
_c225173 _d225173 |
||